The Only US State Quiz - Statistics

General Stats
  • This quiz has been taken 35 times
  • The average score is 20 of 25
Answer Stats
The only state that Answer % Correct
3) Was once part of Russia Alaska
100%
2) Borders both the Gulf of Mexicoand the Atlantic Florida
100%
8) Has 137 islands and stretches over1500 miles Hawaii
100%
17) Borders 4 of the 5 great lakes Michigan
100%
24) Has Mexico in its name New Mexico
100%
12) Starts with D Delaware
96%
10) Starts with P Pennsylvania
96%
14) Has the most national parks with 9 California
93%
4) Named after a president Washington
93%
5) Borders only one other state Maine
89%
11) Has a city with over 8 million thatis not the capital New York
86%
6) Was once controlled by 6 differentcountries Texas
82%
7) Was the birthplace of 8 presidents Virginia
82%
19) Allows prostitution Nevada
79%
20) Has a band of narrow islands calledthe Outer Banks North Carolina
79%
22) Has a capital named for the large saline lake its on Utah
79%
9) Was once and independent countryand in New England Vermont
79%
18) Is called the "Land of Lincoln" Illinois
75%
1) Has parishes insteadof counties Louisiana
75%
13) Has a capital city that is a commonmale name in France South Dakota
64%
25) Is nicknamed after the famous massive gorge Arizona
61%
15) Has a capital named for a GermanChancellor North Dakota
54%
23) Has the last surviving Blockbustervideo store Oregon
50%
16) Does not require seatbelts New Hampshire
32%
21) Has no natural lakes, all manmade Maryland
25%
No matching quizzes found
Score Distribution
Percent of People with Each Score
Percentile by Number Answered
Your Score History
You have not taken this quiz